General systems theory. Ideas and applications

Enregistré dans:
Détails bibliographiques
Auteur principal: Skyttner, Lars (Auteur)
Format: Livre
Langue:espagnol
Publié: Singapur World Scientific 2001
Sujets:
Tags: Ajouter un tag
Pas de tags, Soyez le premier à ajouter un tag!

MARC

LEADER 00000nam a2200000 a 4500
001 UCI5385
003 CL-VaPUC
008 080328e20010000si |||||||||||||||||spa|d
020 |a 9810241763 
082 0 4 |a 003  |b SKY  |2 21 
100 0 |a Skyttner, Lars  |e author  |9 527722 
245 1 0 |a General systems theory. Ideas and applications 
300 |a 459 p 
942 |c BK 
945 |d 20080328 00:00:00  |a rbrito 
260 |a Singapur  |b World Scientific  |c 2001 
650 0 |a Análisis de sistemas   |9 260059 
650 0 |a Cibernética  |9 270269 
650 7 |a CONTROL DE SISTEMAS  |2 CL-VaPUC  |9 352951 
650 0 |a Informática   |9 260044 
583 |a last modification  |c 20171221 03:08:46  |k Rodrigo Vera 
999 |c 329136  |d 329134 
952 |0 0  |1 0  |4 0  |6 003_000000000000000_SKY_2001  |7 0  |8 A  |9 413472  |a BIBING  |b BIBING  |d 2019-11-22  |i 4417771  |o 003 SKY 2001  |p 4417771  |r 2024-01-25  |w 2019-11-22  |y BK  |k EII 
952 |0 0  |1 0  |4 0  |6 003_000000000000000_SKY_2001  |7 0  |8 CCM  |9 413473  |a BIBCUR  |b BIBCUR  |d 2019-11-22  |i 4724623  |o 003 SKY 2001  |p 4724623  |r 2025-04-22  |w 2019-11-22  |y BK  |k CIM 
952 |0 0  |1 1  |2 ddc  |4 0  |6 003_000000000000000_SKY_2001  |7 0  |8 CCM  |9 413474  |a BIBCUR  |b BIBCUR  |d 2019-11-22  |i 472612K  |o 003 SKY 2001  |p 472612K  |r 2022-07-07  |w 2019-11-22  |y BK  |k CIM 
952 |0 0  |1 0  |4 0  |6 003_000000000000000_SKY_2001  |7 0  |8 CCM  |9 413475  |a BIBCUR  |b BIBCUR  |d 2019-11-22  |i 4726138  |o 003 SKY 2001  |p 4726138  |r 2025-04-22  |w 2019-11-22  |y BK  |k CIM